UM Logo

Nurse's pocket guide: (Record no. 5947)

MARC details
000 -LEADER
fixed length control field 00759nam a2200193 4500
008 - FIXED-LENGTH DATA ELEMENTS--GENERAL INFORMATION
fixed length control field 161202b xxu||||| |||| 00| 0 eng d
020 ## - INTERNATIONAL STANDARD BOOK NUMBER
International Standard Book Number 9748279901
082 ## - DEWEY DECIMAL CLASSIFICATION NUMBER
Edition number 2002
Classification number DRef 616.075
Item number D67
100 ## - MAIN ENTRY--PERSONAL NAME
9 (RLIN) 18043
Personal name Doenges, Marilynn E.
245 ## - TITLE STATEMENT
Title Nurse's pocket guide:
Remainder of title diagnoses, interventions, and rationales/
Statement of responsibility, etc. Marilynn E. Doenges, Mary Frances Moorhouse and Alice C. Murr.
250 ## - EDITION STATEMENT
Edition statement 8th edition
260 ## - PUBLICATION, DISTRIBUTION, ETC. (IMPRINT)
Place of publication, distribution, etc. Philadelphia:
Name of publisher, distributor, etc. F.A. Davis Co.,
Date of publication, distribution, etc. c2002.
300 ## - PHYSICAL DESCRIPTION
Extent xiv, 717 pages;
Dimensions 20 cm.
500 ## - GENERAL NOTE
General note Includes appendices bibliographical references and index.
650 #0 - SUBJECT ADDED ENTRY--TOPICAL TERM
9 (RLIN) 18044
Topical term or geographic name as entry element Nursing diagnosis
Form subdivision Handbooks, manuals, etc.
700 ## - ADDED ENTRY--PERSONAL NAME
9 (RLIN) 18045
Personal name Moorhouse, Mary Frances.
Relator term Author
700 ## - ADDED ENTRY--PERSONAL NAME
9 (RLIN) 18046
Personal name Murr, Alice C.
Relator term Author
942 ## - ADDED ENTRY ELEMENTS (KOHA)
Source of classification or shelving scheme Dewey Decimal Classification
Koha item type Reference
Holdings
Withdrawn status Lost status Source of classification or shelving scheme Damaged status Not for loan Collection code Home library Current library Date acquired Total Checkouts Full call number Barcode Date last seen Copy number Price effective from Koha item type
    Dewey Decimal Classification     Reference UM Digos College - LIC UM Digos College - LIC 12/02/2016   DRef 616.075 D67 2002 15108 05/15/2025 1 12/02/2016 Reference
    Dewey Decimal Classification     Reference UM Digos College - LIC UM Digos College - LIC 01/19/2004   DRef 616.075 D67 2002 16451 05/15/2025 2 12/14/2016 Reference
    Dewey Decimal Classification     Reference UM Digos College - LIC UM Digos College - LIC 01/19/2004   DRef 616.075 D67 2002 16452 05/15/2025   12/14/2016 Reference